Fortran, PL/I and the Algols /
Guardado en:
| Autor Principal: | |
|---|---|
| Formato: | Libro |
| Idioma: | English |
| Publicado: |
New York :
North-Holland,
c1978.
|
| Materias: | |
| Etiquetas: |
Agregar Etiqueta
Sin Etiquetas, Sea el primero en etiquetar este registro!
|
| LEADER | 00796cam a2200229 a 4500 | ||
|---|---|---|---|
| 001 | MAT.inmabb005136 | ||
| 008 | 780726s1978####nyu######b####001#0#eng## | ||
| 005 | 20160608173535.0 | ||
| 245 | 1 | 0 | |a Fortran, PL/I and the Algols / |c Brian Meek. |
| 260 | |a New York : |b North-Holland, |c c1978. | ||
| 300 | |a viii, 291 p. ; |c 24 cm. | ||
| 500 | |a Publicado originalmente: London : Macmillan, 1978. | ||
| 504 | |a Incluye referencias bibliográficas (p. [279]-282) e índice. | ||
| 020 | |a 0444194649 | ||
| 100 | 1 | |a Meek, B. L. |q (Brian Lawrence) | |
| 650 | 0 | |a FORTRAN (Computer program language) | |
| 650 | 0 | |a PL/I (Computer program language) | |
| 650 | 0 | |a ALGOL (Computer program language) | |
| 084 | |a 68N15 |2 msc2000 | ||
| 010 | |a 78014352 | ||
| 040 | |a DLC |c DLC |d DLC | ||
| 859 | |h 68 |i M494 |p A-4891 |b BIB. MATEMATICA | ||
